00555 2200217 4500001002100000001002100021005001700042020002200059035002500081040001200106090001500118100002300133245006700156260002300223300001100246850001200257990001700269990001700286990001700303990001700320YOGYA000000000000951YOGYA00000000000095120150305134622.0 a978-979-044-089-0 a0010-081400000000991 aYOPDYOG aRQ 920 Pab aMcPHEE, Stephen J. aPahlawan Nasional Hj.Fatimah Siti Hartimah Soeharto: Cetakan 1 aJakartabEGCc2012 aix, 83 aYOPDYOG a1014-PD/A-04 a1013-PD/A.04 a1015-PD/A.04 a1016-PD/A.04